Catálogo
 En Linea

Planeta digital : (Registro nro. 36961)

Detalles MARC
000 -CABECERA
campo de control de longitud fija 00723nas a2200217 a 4500
001 - NÚMERO DE CONTROL
campo de control 000037471
003 - IDENTIFICADOR DEL NÚMERO DE CONTROL
campo de control DO-SdBNP
005 - FECHA Y HORA DE LA ÚLTIMA TRANSACCIÓN
campo de control 20250530115246.0
008 - DATOS DE LONGITUD FIJA--INFORMACIÓN GENERAL
campo de control de longitud fija 120420c20089999dr ur1p dd 0 0spa d
040 ## - FUENTE DE LA CATALOGACIÓN
Centro catalogador/agencia de origen DO-SdBNP
Lengua de catalogación spa
Centro/agencia transcriptor BNPHU
043 ## - CÓDIGO DE ÁREA GEOGRÁFICA
Código de área geográfica nwdr
222 #2 - TÍTULO CLAVE
Título clave Planeta digital
245 00 - MENCIÓN DE TÍTULO
Título Planeta digital :
Resto del título Revista de tecnología especializada en imagen Digital.
260 ## - PUBLICACIÓN, DISTRIBUCIÓN, ETC.
Lugar de publicación, distribución, etc. Santo Domingo :
Nombre del editor, distribuidor, etc. Augusto Valdivia,
Fecha de publicación, distribución, etc. 2008.
300 ## - DESCRIPCIÓN FÍSICA
Extensión v.- :
Otras características físicas il. ;
Dimensiones 29 cm.
310 ## - PERIODICIDAD ACTUAL
Periodicidad actual desconocido
362 1# - FECHAS DE PUBLICACIÓN Y/O DESIGNACIÓN SECUENCIAL
Fecha de publicación y/o designación secuencial Año 1 no. 2 (febrero 2008)
500 ## - NOTA GENERAL
Nota general Catalogación basada en : Año 1 no. 2 (febrero 2008)
650 #0 - PUNTO DE ACCESO ADICIONAL DE MATERIA--TÉRMINO DE MATERIA
Término de materia o nombre geográfico como elemento de entrada TECNOLOGÍA
Subdivisión general INFORMACIÓN
Subdivisión de forma PUBLICACIONES PERIÓDICAS
Subdivisión geográfica REPUBLICA DOMINICANA
9 (RLIN) 63916
942 ## - ELEMENTOS DE PUNTO DE ACCESO ADICIONAL (KOHA)
Fuente del sistema de clasificación o colocación Dewey Decimal Classification
Tipo de ítem Koha Publicación periódica

No hay ítems disponibles.

Con tecnología Koha